Skip to main content
Your cart is empty.
Your lists
Log in to create your own lists
Your cookies
العربية
English
العربية
Home
Search
Advanced search
Authority search
About
The noble scholar, jurist, historian
His Excellency Dr. Abdul Wahhab bin Ibrahim Abu Sulaiman, may Allah have mercy on him.
He was born in Umm Al-Qura in the year 1356 AH.
Library catalog
Title
Author
Subject
ISBN
ISSN
Series
Call number
Log in to your account
×
Login:
Password:
Home
MARC view: شرح الفليسي المغربي على متن الإمام الأخضري /
Normal view
MARC view
ISBD view
شرح الفليسي المغربي على متن الإمام الأخضري / (Record no. 9251)
[
view plain
]
MARC details
000 -LEADER
fixed length control field
01500cam a22003011i 4500
003 - CONTROL NUMBER IDENTIFIER
control field
SA-RiAUC
005 - DATE AND TIME OF LATEST TRANSACTION
control field
20250627162136.0
008 - FIXED-LENGTH DATA ELEMENTS--GENERAL INFORMATION
fixed length control field
250623s2000 su g 001r0 ara c
040 ## - CATALOGING SOURCE
Original cataloging agency
SA-JeALM
Language of cataloging
ara
Transcribing agency
SA-RiAUC
Description conventions
rda
082 04 - DEWEY DECIMAL CLASSIFICATION NUMBER
Classification number
258.2
090 ## - LOCALLY ASSIGNED LC-TYPE CALL NUMBER (OCLC); LOCAL CALL NUMBER (RLIN)
Classification number (OCLC) (R) ; Classification number, CALL (RLIN) (NR)
258.2
Local cutter number (OCLC) ; Book number/undivided call number, CALL (RLIN)
ف ل ي
100 1# - MAIN ENTRY--PERSONAL NAME
Personal name
الفليسي، محمد بن عبد الرحمن.
Relator term
مؤلف.
245 10 - TITLE STATEMENT
Title
شرح الفليسي المغربي على متن الإمام الأخضري /
Statement of responsibility, etc.
تأليف محمد بن عبد الرحمن الفليسي البكري المغربي ؛ تحقيق وتعليق محمد بن أحمد بن الطالب عيسى الشنقيطي.
250 ## - EDITION STATEMENT
Edition statement
الطبعة الأولى.
264 #1 - PRODUCTION, PUBLICATION, DISTRIBUTION, MANUFACTURE, AND COPYRIGHT NOTICE
Place of production, publication, distribution, manufacture
الدمام، السعودية :
Name of producer, publisher, distributor, manufacturer
دار الذخائر،
Date of production, publication, distribution, manufacture, or copyright notice
[2000]
300 ## - PHYSICAL DESCRIPTION
Extent
256 صفحة ؛
Dimensions
24 سم
336 ## - CONTENT TYPE
Content type term
نص
Content type code
txt
Source
rdacontent
Materials specified
كتاب
337 ## - MEDIA TYPE
Media type term
بدون وسيط
Media type code
n
Source
rdamedia
338 ## - CARRIER TYPE
Carrier type term
مجلد
Carrier type code
nc
Source
rdacarrier
500 ## - GENERAL NOTE
General note
كشاف : صفحة 211-256.
500 ## - GENERAL NOTE
General note
إهداء من المحقيق محمد بن أحمد بن الطالب عيسى الشنقيطي بتاريخ 1422/3/1 هـ
650 #7 - SUBJECT ADDED ENTRY--TOPICAL TERM
Topical term or geographic name entry element
الفقه المالكي
Source of heading or term
aucsh
653 ## - INDEX TERM--UNCONTROLLED
Uncontrolled term
الديانات
700 1# - ADDED ENTRY--PERSONAL NAME
Personal name
الشنقيطي، محمد بن أحمد عيسى
Relator term
محقق.
700 12 - ADDED ENTRY--PERSONAL NAME
Relationship information
شرح لـ :
Personal name
الأخضري، عبد الرحمن بن محمد بن محمد،
Dates associated with a name
918-983 هجري.
Title of a work
متن الإمام الأخضري
942 ## - ADDED ENTRY ELEMENTS (KOHA)
Source of classification or shelving scheme
Dewey Decimal Classification
Koha item type
Books
Suppress in OPAC
No
949 ## - LOCAL PROCESSING INFORMATION (OCLC)
a
SA-JeALM
d
250623
u
mohamedma123
n
1
Holdings
Withdrawn status
Lost status
Source of classification or shelving scheme
Damaged status
Not for loan
Collection
Home library
Current library
Date acquired
Total checkouts
Full call number
Barcode
Date last seen
Price effective from
Koha item type
Dewey Decimal Classification
اهداء
DR AbdElwahab Library
DR AbdElwahab Library
06/27/2025
258.2 ف ل ي
000015013
06/27/2025
06/27/2025
Books
Place hold
Print
Add to your cart
(remove)
Save record
BIBTEX
Dublin Core
MARCXML
MARC (non-Unicode/MARC-8)
MARC (Unicode/UTF-8)
MARC (Unicode/UTF-8, Standard)
MODS (XML)
RIS
ISBD
More searches
Search for this title in:
Other Libraries (WorldCat)
Other Databases (Google Scholar)
Online Stores (Bookfinder.com)
Open Library (openlibrary.org)
Exporting to Dublin Core...
×
Simple DC-RDF
OAI-DC
SRW-DC